000 00280nam a2200121Ia 4500
008 220216s9999 xx 000 0 und d
100 _aNemi George
245 0 _aMohatheril rubber vila
260 _bKarshakasree
_c2010
300 _a7-Jun
650 _aRubber price
942 _cJS
999 _c63143
_d63143